World Subdivisions: A-Z - Statistics

General Stats
  • This quiz has been taken 134 times
  • The average score is 7 of 26
Answer Stats
Hint Answer % Correct
State in Australia that has the Great Barrier Reef. Queensland
92%
State in the USA who's official drink is coffee milk. Rhode Island
83%
Department in Peru in which the capital city is the 3rd largest by population. Arequipa
61%
County in Romania which is also part of Transylvania. Cluj
60%
State in Brazil that has the smallest land area. Sergipe
60%
Province in Ecuador that has Blue-Footed Boobies. Galapagos
47%
Oblast in Russia who's capital is called "The City of Brides". Ivanovo
36%
Province in China that produces a lot of ginseng. Jilin
36%
Southernmost region of Chile. Magallanes
33%
Province of The Netherlands who's capital is Zwolle. Overijssel
29%
Province in Costa Rica that has the Tortuguero and Cahuita National Parks. Limon
27%
Region of Kazakhstan that runs along the Irtysh river. Pavlodar
26%
Region of Finland that has the capital city of Finland. Uusimaa
26%
Province in Iran that contains Zoroastrian history. Yazd
20%
Region of Guinea which the 2013 Ebola Outbreak started. Nzerekore
15%
State in Micronesia with the lowest population. Kosrae
13%
Department in Honduras which contains the capital city of Honduras. Francisco Morazan
9%
Municipality in Slovenia that borders Croatia. Zavrc
8%
Province in Vietnam known as "The Land of Pink Lotuses". Dong Thap
7%
Administrative atoll in the Marshall Islands that's directly west of Bikini. Enewetak
7%
Province in Algeria that contains the Beni Add Caves. Tlemcen
7%
Governorate in Iraq that produces the most wheat. Wasit
7%
County of Liberia where the Kpatawee Waterfall is located. Bong
6%
Province in Laos that's the second smallest. Xekong
6%
Region in Mauritania that has the Koumbi Saleh ruins. Hodh Ech Chargui
5%
Municipality in Iceland that contains a rock pillar called Ljósastapi. Vopnafjardarhreppur
5%
No matching quizzes found
Score Distribution
Percent of People with Each Score
Percentile by Number Answered
Your Score History
You have not taken this quiz